Most NBA Playoff Wins Ever without a Championship - Statistics

General Stats
  • This quiz has been taken 9 times
  • The average score is 5 of 10
Answer Stats
Wins Coach % Correct
80 George Karl
88%
98 Jerry Sloan
63%
50 Mike Brown
63%
75 Don Nelson
50%
48 Stan Van Gundy
50%
47 Flip Saunders
38%
54 Mike D'Antoni
38%
79 Rick Adelman
38%
49 Scott Brooks
38%
47 John MacLeod
13%
No matching quizzes found
Score Distribution
Percent of People with Each Score
Percentile by Number Answered
Your Score History
You have not taken this quiz